<?xml version='1.0' encoding='UTF-8'?>
  <record xmlns="http://www.loc.gov/MARC21/slim">
    <leader>00000ckm a22000007i 4500</leader>
    <controlfield tag="001">ocn931899200</controlfield>
    <controlfield tag="003">OCoLC</controlfield>
    <controlfield tag="005">20240210061653.1</controlfield>
    <controlfield tag="008">150202s1603    gw nnn            cnund d</controlfield>
    <datafield tag="040" ind1=" " ind2=" ">
      <subfield code="a">NLGGC</subfield>
      <subfield code="b">dut</subfield>
      <subfield code="e">fobidrtb</subfield>
      <subfield code="c">NLGGC</subfield>
      <subfield code="d">QGJ</subfield>
      <subfield code="d">OCLCQ</subfield>
      <subfield code="d">OCLCL</subfield>
    </datafield>
    <datafield tag="035" ind1=" " ind2=" ">
      <subfield code="a">(OCoLC)931899200</subfield>
    </datafield>
    <datafield tag="100" ind1="1" ind2=" ">
      <subfield code="a">Bayer, Johannes,</subfield>
      <subfield code="d">1572-1625.</subfield>
      <subfield code="1">https://id.oclc.org/worldcat/entity/E39PBJjdfyjHWbkvm7DkxjxYyd</subfield>
    </datafield>
    <datafield tag="245" ind1="1" ind2="0">
      <subfield code="a">[Tabula quadragesima - Navis] /</subfield>
      <subfield code="c">[Johannes Bayer] ; [grav.: Alexander Mair]</subfield>
      <subfield code="f">002337352.</subfield>
    </datafield>
    <datafield tag="260" ind1=" " ind2=" ">
      <subfield code="a">[Augsburg] :</subfield>
      <subfield code="b">[Christophorus Mangus],</subfield>
      <subfield code="c">[1603]</subfield>
    </datafield>
    <datafield tag="300" ind1=" " ind2=" ">
      <subfield code="a">1 prent :</subfield>
      <subfield code="b">kopergrav. ;</subfield>
      <subfield code="c">34 x 46 cm</subfield>
    </datafield>
    <datafield tag="336" ind1=" " ind2=" ">
      <subfield code="a">niet-bewegend beeld</subfield>
      <subfield code="b">sti</subfield>
      <subfield code="2">rdacontent/dut</subfield>
    </datafield>
    <datafield tag="337" ind1=" " ind2=" ">
      <subfield code="a">zonder medium</subfield>
      <subfield code="b">n</subfield>
      <subfield code="2">rdamedia/dut</subfield>
    </datafield>
    <datafield tag="338" ind1=" " ind2=" ">
      <subfield code="a">vel</subfield>
      <subfield code="b">nb</subfield>
      <subfield code="2">rdacarrier/dut</subfield>
    </datafield>
    <datafield tag="500" ind1=" " ind2=" ">
      <subfield code="a">Sterrenbeeld Argo Navis uit de 'Uranometria' van de Duitse advocaat en sterrenkundige Johann Bayer (1572-1625). Deze invloedrijke sterrenatlas werd in 1603 in Augsburg uitgegeven en was de eerste die ook de nieuwe zuidelijke sterrenbeelden van Petrus Plancius opnam. Hiermee was het de eerste sterrenatlas, die een volledig overzicht van zowel de noordelijke als de zuidelijke sterrenhemel gaf.</subfield>
    </datafield>
    <datafield tag="500" ind1=" " ind2=" ">
      <subfield code="a">Verschenen in: Joannis Bayeri Uranometria, omnium asterismorum continens schemata, nova methodo delineata, aereis laminis expressa. - Augsburg: Christophorus Mangus, 1603 (plaat 40).</subfield>
    </datafield>
    <datafield tag="535" ind1="1" ind2=" ">
      <subfield code="a">Utrecht, UB</subfield>
      <subfield code="g">ne</subfield>
    </datafield>
    <datafield tag="700" ind1="1" ind2=" ">
      <subfield code="a">Bayer.</subfield>
    </datafield>
    <datafield tag="700" ind1="1" ind2=" ">
      <subfield code="a">Mair, Alexander,</subfield>
      <subfield code="d">ca. 1559-1617.</subfield>
    </datafield>
    <datafield tag="758" ind1=" " ind2=" ">
      <subfield code="a">[Tabula quadragesima - Navis] 002337352 (StillImage)</subfield>
      <subfield code="1">https://id.oclc.org/worldcat/entity/E39PCFJcPdBmfTDBkbxg8tbTVy</subfield>
      <subfield code="4">https://id.oclc.org/worldcat/ontology/hasWork</subfield>
    </datafield>
    <datafield tag="856" ind1="4" ind2=" ">
      <subfield code="u">http://objects.library.uu.nl/reader/resolver.php?obj=002337352&amp;type=2</subfield>
      <subfield code="z">Map</subfield>
    </datafield>
  </record>